000 00947nas a2200301 4500
001 BR2015002799
003 BR-BrBNA
005 20231205125324.0
007 ta
008 230509b bl.|||p| |||| 00| 00por d
040 _aBR-BrBNA
_bpor
_cBiblioteca Nacional de Agricultura
041 _a(En)
072 _aH10
100 1 _aMello-Patiu, C.A.
100 1 _aPaseto, M.L.
100 1 _aFaria, L.S.
100 1 _aMendes, J.
100 1 _aLinhares, A.X.
245 1 _aSarchophagid file (Insecta, Diptera)from pig carcasses in Minas Gerais, Brazil, with nine new records from the cerrado, a threatened neotropical biome
650 _aLIPTERA
650 _aINSETO
650 _aBIOLOGIA
650 _aCERRADO
650 _aMIANS GERAIS
773 0 _tRevista Brasileira de Entomologia (Brazil)
_xISSN 0085-5626
_g(Apr-Jun 2014), v. 58(2) p. 142-146
_wBR2015002799
909 _a202311
_bLúcia
_c55
_dLúcia Elande
942 _2AGRIS
_n0
_cANA
999 _c243787
_d243787